[Event "GER GM08-B email"]
[Site "GER email"]
[Date "2019.06.19"]
[Round "?"]
[White "Dunlop, Gordon"]
[Black "Papenfuss, Ingo"]
[Result "1/2-1/2"]
[WhiteElo "2536"]
[BlackElo "2480"]
[PlyCount "75"]
[EventDate "2019.??.??"]
[EventType "tourn (corr)"]
[EventRounds "13"]
[EventCountry "GER"]
[SourceTitle "Corr 2022"]
[Source "ChessBase"]
[SourceDate "2021.10.24"]
[SourceVersion "1"]
[SourceVersionDate "2021.10.24"]
[SourceQuality "1"]

1. c4 Nf6 2. Nc3 e5 3. Nf3 Nc6 4. e4 Bb4 5. d3 d6 6. a3 Bc5 7. b4 Bb6 8. Na4 Bd4 9. Nxd4 Nxd4 10. Be2 0-0 11. 0-0 Bd7 12. Nc3 c6 13. Rb1 d5 14. Re1 dxc4 15. dxc4 Qc7 16. Bf1 Be6 17. Be3 Rad8 18. Qc1 Nh5 19. Ne2 Nxe2+ 20. Rxe2 f5 21. exf5 Bxf5 22. Ra1 Bd3 23. Rd2 e4 24. Bxd3 Rxd3 25. Qc2 Rfd8 26. Rad1 Qe5 27. h3 Qf5 28. g4 Qg6 29. c5 Nf6 30. Rxd3 exd3 31. Qc4+ Qf7 32. Qxf7+ Kxf7 33. f3 Ke6 34. Kf2 Ke5 35. Ke1 Rd7 36. Kd2 Nd5 37. Re1 Nxe3 38. Kxe3 1/2-1/2

[Event "GER-ch51 V01 email"]
[Site "GER email"]
[Date "2019.04.14"]
[Round "?"]
[White "Papenfuss, Ingo"]
[Black "Gabel, Andreas"]
[Result "1/2-1/2"]
[WhiteElo "2480"]
[BlackElo "2345"]
[PlyCount "74"]
[EventDate "2019.??.??"]
[EventType "tourn (corr)"]
[EventRounds "10"]
[EventCountry "GER"]
[SourceTitle "Corr 2022"]
[Source "ChessBase"]
[SourceDate "2021.10.24"]
[SourceVersion "1"]
[SourceVersionDate "2021.10.24"]
[SourceQuality "1"]

1. Nf3 d5 2. c4 d4 3. b4 f6 4. e3 e5 5. c5 a5 6. Qa4+ Bd7 7. b5 Bxc5 8. Bc4 Ne7 9. exd4 exd4 10. Ba3 Na6 11. 0-0 Nb4 12. d3 Bf5 13. Qb3 Qd6 14. Nbd2 a4 15. Qb1 0-0-0 16. Nh4 Bg6 17. Nxg6 hxg6 18. h3 f5 19. Nf3 Nbd5 20. Bxc5 Qxc5 21. Ng5 Nc3 22. Qe1 Ned5 23. Ne6 Qd6 24. Nxd8 Kxd8 25. Bxd5 Qxd5 26. Qd2 f4 27. Rac1 Rh5 28. b6 cxb6 29. Rfe1 Rg5 30. f3 Qxf3 31. Re6 Qd5 32. Rce1 Qxa2 33. Re8+ Kd7 34. Qxa2 Nxa2 35. R1e6 a3 36. R8e7+ Kd8 37. Re8+ Kd7 1/2-1/2

[Event "GER-ch51 V01 email"]
[Site "GER email"]
[Date "2019.04.14"]
[Round "?"]
[White "Papenfuss, Ingo"]
[Black "Quack, Rudolf"]
[Result "1-0"]
[WhiteElo "2480"]
[BlackElo "2254"]
[PlyCount "31"]
[EventDate "2019.??.??"]
[EventType "tourn (corr)"]
[EventRounds "10"]
[EventCountry "GER"]
[SourceTitle "Corr 2022"]
[Source "ChessBase"]
[SourceDate "2021.10.24"]
[SourceVersion "1"]
[SourceVersionDate "2021.10.24"]
[SourceQuality "1"]

1. e4 c6 2. d4 d5 3. e5 Bf5 4. h4 h5 5. Bd3 Bxd3 6. Qxd3 e6 7. Bg5 Qb6 8. Nd2 c5 9. c4 Qxb2 10. Rd1 Qxd4 11. Qb3 Qxe5+ 12. Ne2 Qc7 13. cxd5 exd5 14. 0-0 Ne7 15. Nc3 d4 16. Rfe1 1-0